[Event "Grand Swiss "]
[Date "2025.09.04"]
[White "Yakubboev, Nodirbek"]
[Black "Mishra, Abhimanyu"]
[WhiteElo "2681"]
[BlackElo "2611"]
[Round "1.1.28"]
[Result "1/2-1/2"]

1. d4 {[%clk 01:40:55] [%emt 00:00:04]} Nf6 {[%clk 01:40:54] [%emt 00:00:06]} 2.
c4 {[%clk 01:41:20] [%emt 00:00:04]} e6 {[%clk 01:41:14] [%emt 00:00:11]} 3. Nf3
{[%clk 01:41:44] [%emt 00:00:06]} d5 {[%clk 01:41:34] [%emt 00:00:10]} 4. Nc3
{[%clk 01:42:06] [%emt 00:00:08]} c6 {[%clk 01:41:46] [%emt 00:00:17]} 5. Bg5
{[%clk 01:42:27] [%emt 00:00:09]} h6 {[%clk 01:41:44] [%emt 00:00:33]} 6. Bxf6
{[%clk 01:42:50] [%emt 00:00:07]} Qxf6 {[%clk 01:42:07] [%emt 00:00:07]} 7. e3
{[%clk 01:43:09] [%emt 00:00:10]} Nd7 {[%clk 01:41:01] [%emt 00:01:37]} 8. Be2
{[%clk 01:42:45] [%emt 00:00:52]} g6 {[%clk 01:40:45] [%emt 00:00:48]} 9. O-O
{[%clk 01:42:44] [%emt 00:00:31]} Qe7 {[%clk 01:40:02] [%emt 00:01:13]} 10. c5
{[%clk 01:38:15] [%emt 00:04:58]} Bg7 {[%clk 01:37:49] [%emt 00:02:44]} 11. e4
{[%clk 01:36:57] [%emt 00:01:48]} O-O {[%clk 01:37:29] [%emt 00:00:50]} 12. Rc1
{[%clk 01:25:46] [%emt 00:11:41]} a5 {[%clk 01:30:09] [%emt 00:07:51]} 13. Re1
{[%clk 01:19:03] [%emt 00:07:12]} b6 {[%clk 01:24:35] [%emt 00:06:05]} 14. exd5
{[%clk 01:11:52] [%emt 00:07:41]} exd5 {[%clk 01:24:37] [%emt 00:00:28]} 15. Na4
{[%clk 01:04:00] [%emt 00:08:22]} bxc5 {[%clk 01:20:47] [%emt 00:04:20]} 16.
Nxc5 {[%clk 01:04:27] [%emt 00:00:02]} Nxc5 {[%clk 01:04:26] [%emt 00:16:51]}
17. Rxc5 {[%clk 01:03:15] [%emt 00:01:43]} Bg4 {[%clk 01:01:06] [%emt 00:03:50]}
18. Qc1 {[%clk 00:41:03] [%emt 00:22:42]} Bxf3 {[%clk 00:57:22] [%emt 00:04:13]}
19. Bxf3 {[%clk 00:41:12] [%emt 00:00:22]} Qd7 {[%clk 00:48:58] [%emt 00:08:54]}
20. Rxc6 {[%clk 00:39:41] [%emt 00:02:01]} Rac8 {[%clk 00:47:07] [%emt
00:02:21]} 21. Bxd5 {[%clk 00:24:06] [%emt 00:16:05]} Rxc6 {[%clk 00:46:01]
[%emt 00:01:36]} 22. Bxc6 {[%clk 00:18:32] [%emt 00:06:03]} Qxd4 {[%clk
00:45:32] [%emt 00:00:59]} 23. b3 {[%clk 00:15:29] [%emt 00:03:33]} Rc8 {[%clk
00:45:05] [%emt 00:00:58]} 24. Re8+ {[%clk 00:15:16] [%emt 00:00:42]} Rxe8
{[%clk 00:45:28] [%emt 00:00:08]} 25. Bxe8 {[%clk 00:15:43] [%emt 00:00:03]} Qa1
{[%clk 00:44:17] [%emt 00:01:40]} 26. Qxa1 {[%clk 00:16:07] [%emt 00:00:06]}
Bxa1 {[%clk 00:44:44] [%emt 00:00:04]} 27. Kf1 {[%clk 00:16:30] [%emt 00:00:06]}
Kf8 {[%clk 00:45:06] [%emt 00:00:09]} 28. Bc6 {[%clk 00:16:27] [%emt 00:00:31]}
Bd4 {[%clk 00:44:58] [%emt 00:00:39]} 29. Ke2 {[%clk 00:15:22] [%emt 00:01:36]}
h5 {[%clk 00:44:38] [%emt 00:00:50]} 30. f3 {[%clk 00:15:16] [%emt 00:00:35]} h4
{[%clk 00:42:41] [%emt 00:02:27]} 31. Kd3 {[%clk 00:15:10] [%emt 00:00:36]} Be5
{[%clk 00:42:46] [%emt 00:00:25]} 1/2-1/2

[Site "Europe Echecs"]

[Event "Grand Swiss "]
[Date "2025.09.04"]
[White "Maurizzi, MarcAndria"]
[Black "Deac, Bogdan-Daniel"]
[WhiteElo "2610"]
[BlackElo "2674"]
[Round "1.1.29"]
[Result "1/2-1/2"]

1. e4 {[%clk 01:40:40] [%emt 00:00:19]} e5 {[%clk 01:40:57] [%emt 00:00:03]} 2.
Nf3 {[%clk 01:40:46] [%emt 00:00:24]} Nc6 {[%clk 01:41:23] [%emt 00:00:04]} 3.
Bc4 {[%clk 01:41:08] [%emt 00:00:08]} Bc5 {[%clk 01:37:28] [%emt 00:04:25]} 4.
c3 {[%clk 01:41:21] [%emt 00:00:17]} Nf6 {[%clk 01:37:37] [%emt 00:00:21]} 5. d3
{[%clk 01:41:48] [%emt 00:00:04]} a6 {[%clk 01:32:23] [%emt 00:05:43]} 6. b4
{[%clk 01:41:51] [%emt 00:00:28]} Ba7 {[%clk 01:30:11] [%emt 00:02:41]} 7. a4
{[%clk 01:41:15] [%emt 00:01:06]} d6 {[%clk 01:27:30] [%emt 00:03:11]} 8. O-O
{[%clk 01:41:02] [%emt 00:00:43]} O-O {[%clk 01:17:33] [%emt 00:10:27]} 9. Nbd2
{[%clk 01:41:30] [%emt 00:00:02]} h6 {[%clk 01:14:56] [%emt 00:03:06]} 10. Re1
{[%clk 01:40:53] [%emt 00:01:08]} Re8 {[%clk 01:11:44] [%emt 00:03:41]} 11. h3
{[%clk 01:37:04] [%emt 00:04:19]} Qe7 {[%clk 01:03:04] [%emt 00:09:10]} 12. Rb1
{[%clk 01:11:13] [%emt 00:26:21]} Be6 {[%clk 01:00:07] [%emt 00:03:27]} 13. Bxe6
{[%clk 01:10:04] [%emt 00:01:39]} Qxe6 {[%clk 01:00:26] [%emt 00:00:12]} 14. c4
{[%clk 01:10:29] [%emt 00:00:05]} b5 {[%clk 00:44:41] [%emt 00:16:14]} 15. cxb5
{[%clk 00:50:34] [%emt 00:20:26]} axb5 {[%clk 00:44:51] [%emt 00:00:19]} 16. a5
{[%clk 00:50:54] [%emt 00:00:10]} Nb8 {[%clk 00:33:56] [%emt 00:11:25]} 17. Nf1
{[%clk 00:44:00] [%emt 00:07:24]} Nbd7 {[%clk 00:27:17] [%emt 00:07:09]} 18. Be3
{[%clk 00:36:09] [%emt 00:08:21]} Reb8 {[%clk 00:16:31] [%emt 00:11:16]} 19. d4
{[%clk 00:25:27] [%emt 00:11:13]} c5 {[%clk 00:15:37] [%emt 00:01:23]} 20. bxc5
{[%clk 00:16:32] [%emt 00:09:26]} dxc5 {[%clk 00:15:20] [%emt 00:00:47]} 21.
dxe5 {[%clk 00:16:31] [%emt 00:00:31]} Nxe5 {[%clk 00:14:17] [%emt 00:01:33]}
22. Nxe5 {[%clk 00:16:48] [%emt 00:00:12]} Qxe5 {[%clk 00:14:45] [%emt
00:00:02]} 23. Qf3 {[%clk 00:13:35] [%emt 00:03:44]} Qxe4 {[%clk 00:10:38] [%emt
00:04:36]} 24. Qxe4 {[%clk 00:13:36] [%emt 00:00:30]} Nxe4 {[%clk 00:11:06]
[%emt 00:00:02]} 25. Bf4 {[%clk 00:14:02] [%emt 00:00:04]} Re8 {[%clk 00:03:30]
[%emt 00:08:04]} 26. Rxb5 {[%clk 00:13:11] [%emt 00:01:22]} c4 {[%clk 00:03:55]
[%emt 00:00:05]} 27. Be3 {[%clk 00:12:56] [%emt 00:00:45]} Nc3 {[%clk 00:04:09]
[%emt 00:00:16]} 28. Rb4 {[%clk 00:11:38] [%emt 00:01:48]} Nd5 {[%clk 00:04:16]
[%emt 00:00:24]} 29. Rxc4 {[%clk 00:12:05] [%emt 00:00:03]} Bxe3 {[%clk
00:04:39] [%emt 00:00:07]} 30. Nxe3 {[%clk 00:12:31] [%emt 00:00:04]} Rxa5
{[%clk 00:04:59] [%emt 00:00:09]} 31. Rd4 {[%clk 00:12:16] [%emt 00:00:45]}
1/2-1/2

[Site "Europe Echecs"]

[Event "Grand Swiss "]
[Date "2025.09.04"]
[White "Robson, Ray"]
[Black "Lagarde, Maxime"]
[WhiteElo "2674"]
[BlackElo "2609"]
[Round "1.1.30"]
[Result "1/2-1/2"]

1. d4 {[%clk 01:40:56] [%emt 00:00:03]} Nf6 {[%clk 01:40:55] [%emt 00:00:06]} 2.
c4 {[%clk 01:41:06] [%emt 00:00:19]} g6 {[%clk 01:41:20] [%emt 00:00:05]} 3. Nc3
{[%clk 01:40:44] [%emt 00:00:51]} d5 {[%clk 01:41:46] [%emt 00:00:05]} 4. cxd5
{[%clk 01:40:06] [%emt 00:01:08]} Nxd5 {[%clk 01:42:12] [%emt 00:00:05]} 5. e4
{[%clk 01:40:04] [%emt 00:00:31]} Nxc3 {[%clk 01:42:37] [%emt 00:00:05]} 6. bxc3
{[%clk 01:40:26] [%emt 00:00:07]} Bg7 {[%clk 01:43:04] [%emt 00:00:04]} 7. Bc4
{[%clk 01:38:37] [%emt 00:02:18]} c5 {[%clk 01:43:10] [%emt 00:00:24]} 8. Ne2
{[%clk 01:38:49] [%emt 00:00:18]} Nc6 {[%clk 01:43:00] [%emt 00:00:42]} 9. Be3
{[%clk 01:38:47] [%emt 00:00:30]} O-O {[%clk 01:43:20] [%emt 00:00:11]} 10. O-O
{[%clk 01:38:50] [%emt 00:00:26]} e6 {[%clk 01:43:35] [%emt 00:00:17]} 11. dxc5
{[%clk 01:36:59] [%emt 00:02:19]} Qa5 {[%clk 01:42:12] [%emt 00:01:54]} 12. f4
{[%clk 01:34:54] [%emt 00:02:34]} Rd8 {[%clk 01:41:10] [%emt 00:01:32]} 13. Qe1
{[%clk 01:34:19] [%emt 00:01:05]} b6 {[%clk 01:07:45] [%emt 00:33:56]} 14. cxb6
{[%clk 01:06:45] [%emt 00:28:04]} Ba6 {[%clk 00:59:02] [%emt 00:09:12]} 15. Bxa6
{[%clk 01:05:24] [%emt 00:01:51]} Qxa6 {[%clk 00:59:27] [%emt 00:00:05]} 16.
bxa7 {[%clk 01:04:45] [%emt 00:01:08]} Qc4 {[%clk 00:30:35] [%emt 00:29:23]} 17.
e5 {[%clk 00:25:54] [%emt 00:39:21]} Nxa7 {[%clk 00:29:16] [%emt 00:01:48]} 18.
Nd4 {[%clk 00:20:25] [%emt 00:05:58]} Nc8 {[%clk 00:27:41] [%emt 00:02:05]} 19.
a4 {[%clk 00:11:04] [%emt 00:09:51]} Rxa4 {[%clk 00:21:43] [%emt 00:06:29]} 20.
Rxa4 {[%clk 00:10:59] [%emt 00:00:35]} Qxa4 {[%clk 00:22:09] [%emt 00:00:04]}
21. Qa1 {[%clk 00:08:55] [%emt 00:02:33]} Qc4 {[%clk 00:20:53] [%emt 00:01:46]}
22. Qa5 {[%clk 00:08:22] [%emt 00:01:03]} Rd5 {[%clk 00:16:06] [%emt 00:05:18]}
23. Qb4 {[%clk 00:08:29] [%emt 00:00:23]} Qd3 {[%clk 00:14:25] [%emt 00:02:11]}
24. Kf2 {[%clk 00:07:54] [%emt 00:01:05]} Bf8 {[%clk 00:11:53] [%emt 00:03:02]}
25. Qb3 {[%clk 00:07:55] [%emt 00:00:29]} Ne7 {[%clk 00:07:17] [%emt 00:05:06]}
26. Rd1 {[%clk 00:07:24] [%emt 00:01:01]} Qa6 {[%clk 00:07:24] [%emt 00:00:22]}
27. c4 {[%clk 00:05:44] [%emt 00:02:10]} Ra5 {[%clk 00:07:06] [%emt 00:00:49]}
28. Rd2 {[%clk 00:05:33] [%emt 00:00:41]} Ra3 {[%clk 00:05:58] [%emt 00:01:38]}
29. Qc2 {[%clk 00:04:04] [%emt 00:01:59]} Ra4 {[%clk 00:03:04] [%emt 00:03:25]}
30. Qb3 {[%clk 00:00:56] [%emt 00:03:38]} Qxc4 {[%clk 00:01:09] [%emt 00:02:25]}
31. Qxc4 {[%clk 00:01:17] [%emt 00:00:08]} Rxc4 {[%clk 00:01:36] [%emt
00:00:03]} 32. Rc2 {[%clk 00:01:13] [%emt 00:00:34]} Rxc2+ {[%clk 00:01:13]
[%emt 00:00:54]} 1/2-1/2

[Site "Europe Echecs"]

[Event "Grand Swiss "]
[Date "2025.09.04"]
[White "Matlakov, Maxim"]
[Black "Tabatabaei, M. Amin"]
[WhiteElo "2609"]
[BlackElo "2673"]
[Round "1.1.31"]
[Result "1/2-1/2"]

1. Nf3 {[%clk 01:40:53] [%emt 00:00:05]} d5 {[%clk 01:40:49] [%emt 00:00:11]} 2.
g3 {[%clk 01:40:53] [%emt 00:00:31]} Nf6 {[%clk 01:41:12] [%emt 00:00:07]} 3.
Bg2 {[%clk 01:41:01] [%emt 00:00:22]} c5 {[%clk 01:41:34] [%emt 00:00:08]} 4.
O-O {[%clk 01:40:56] [%emt 00:00:35]} e6 {[%clk 01:41:58] [%emt 00:00:06]} 5. d4
{[%clk 01:39:01] [%emt 00:02:25]} cxd4 {[%clk 01:42:16] [%emt 00:00:11]} 6. Nxd4
{[%clk 01:39:25] [%emt 00:00:07]} e5 {[%clk 01:42:34] [%emt 00:00:12]} 7. Nb3
{[%clk 01:39:33] [%emt 00:00:22]} Be6 {[%clk 01:37:08] [%emt 00:05:55]} 8. c4
{[%clk 01:37:15] [%emt 00:02:49]} Nc6 {[%clk 01:35:53] [%emt 00:01:44]} 9. cxd5
{[%clk 01:36:52] [%emt 00:00:55]} Nxd5 {[%clk 01:35:31] [%emt 00:00:51]} 10.
N1d2 {[%clk 01:37:05] [%emt 00:00:17]} Be7 {[%clk 01:11:19] [%emt 00:24:42]} 11.
Ne4 {[%clk 01:35:40] [%emt 00:01:55]} b6 {[%clk 01:11:29] [%emt 00:00:20]} 12.
Nc3 {[%clk 01:34:22] [%emt 00:01:49]} Ndb4 {[%clk 01:10:01] [%emt 00:01:57]} 13.
a3 {[%clk 01:32:22] [%emt 00:02:32]} Qxd1 {[%clk 01:09:02] [%emt 00:01:27]} 14.
Rxd1 {[%clk 01:31:20] [%emt 00:01:33]} Bxb3 {[%clk 01:03:14] [%emt 00:06:16]}
15. axb4 {[%clk 01:31:32] [%emt 00:00:20]} Rc8 {[%clk 01:03:33] [%emt 00:00:11]}
16. Bxc6+ {[%clk 01:29:50] [%emt 00:02:12]} Rxc6 {[%clk 01:03:29] [%emt
00:00:33]} 17. Rd3 {[%clk 01:30:12] [%emt 00:00:08]} Bxb4 {[%clk 00:56:21] [%emt
00:07:37]} 18. Rxa7 {[%clk 01:29:45] [%emt 00:00:59]} O-O {[%clk 00:56:36] [%emt
00:00:15]} 19. Be3 {[%clk 01:29:29] [%emt 00:00:46]} Bxc3 {[%clk 00:54:02] [%emt
00:03:03]} 20. Rxc3 {[%clk 01:26:58] [%emt 00:03:01]} Rxc3 {[%clk 00:54:26]
[%emt 00:00:06]} 21. bxc3 {[%clk 01:27:21] [%emt 00:00:07]} b5 {[%clk 00:54:50]
[%emt 00:00:07]} 22. Bb6 {[%clk 01:23:02] [%emt 00:04:49]} f6 {[%clk 00:54:12]
[%emt 00:01:07]} 23. Rd7 {[%clk 01:22:58] [%emt 00:00:34]} Be6 {[%clk 00:54:35]
[%emt 00:00:07]} 24. Rd8 {[%clk 01:23:21] [%emt 00:00:08]} Rxd8 {[%clk 00:55:01]
[%emt 00:00:04]} 25. Bxd8 {[%clk 01:23:46] [%emt 00:00:04]} Kf7 {[%clk 00:55:28]
[%emt 00:00:03]} 26. f3 {[%clk 01:24:10] [%emt 00:00:07]} Bc4 {[%clk 00:55:52]
[%emt 00:00:06]} 27. Kf2 {[%clk 01:24:36] [%emt 00:00:03]} Ke6 {[%clk 00:56:19]
[%emt 00:00:04]} 28. e4 {[%clk 01:24:58] [%emt 00:00:08]} Kf7 {[%clk 00:56:44]
[%emt 00:00:05]} 29. Ke3 {[%clk 01:25:22] [%emt 00:00:05]} Ke6 {[%clk 00:57:12]
[%emt 00:00:03]} 30. Kf2 {[%clk 01:25:48] [%emt 00:00:04]} Kf7 {[%clk 00:57:36]
[%emt 00:00:05]} 1/2-1/2

[Site "Europe Echecs"]

[Event "Grand Swiss "]
[Date "2025.09.04"]
[White "Bluebaum, Matthias"]
[Black "Predke, Alexandr"]
[WhiteElo "2671"]
[BlackElo "2609"]
[Round "1.1.32"]
[Result "1/2-1/2"]

1. Nf3 {[%clk 01:40:56] [%emt 00:00:03]} Nf6 {[%clk 01:40:04] [%emt 00:00:57]}
2. c4 {[%clk 01:41:15] [%emt 00:00:11]} e6 {[%clk 01:40:26] [%emt 00:00:07]} 3.
Nc3 {[%clk 01:41:00] [%emt 00:00:45]} d5 {[%clk 01:40:49] [%emt 00:00:07]} 4. d4
{[%clk 01:40:38] [%emt 00:00:53]} c6 {[%clk 01:41:11] [%emt 00:00:08]} 5. e3
{[%clk 01:39:35] [%emt 00:01:32]} Nbd7 {[%clk 01:41:32] [%emt 00:00:10]} 6. h3
{[%clk 01:39:59] [%emt 00:00:06]} Bd6 {[%clk 01:41:56] [%emt 00:00:06]} 7. Bd3
{[%clk 01:40:23] [%emt 00:00:06]} O-O {[%clk 01:42:20] [%emt 00:00:06]} 8. O-O
{[%clk 01:40:47] [%emt 00:00:06]} dxc4 {[%clk 01:42:31] [%emt 00:00:20]} 9. Bxc4
{[%clk 01:41:10] [%emt 00:00:06]} b5 {[%clk 01:42:55] [%emt 00:00:06]} 10. Bd3
{[%clk 01:41:34] [%emt 00:00:06]} b4 {[%clk 01:43:13] [%emt 00:00:13]} 11. Ne4
{[%clk 01:40:44] [%emt 00:01:19]} Nxe4 {[%clk 01:43:28] [%emt 00:00:15]} 12.
Bxe4 {[%clk 01:41:08] [%emt 00:00:06]} Bb7 {[%clk 01:43:34] [%emt 00:00:25]} 13.
Nd2 {[%clk 01:36:10] [%emt 00:05:27]} Ba6 {[%clk 01:42:52] [%emt 00:01:12]} 14.
Re1 {[%clk 01:30:33] [%emt 00:06:06]} Rc8 {[%clk 01:41:17] [%emt 00:02:07]} 15.
a3 {[%clk 01:22:24] [%emt 00:08:39]} Bb5 {[%clk 01:41:40] [%emt 00:00:06]} 16.
Bf3 {[%clk 01:17:50] [%emt 00:05:03]} a5 {[%clk 01:36:11] [%emt 00:06:00]} 17.
Ne4 {[%clk 01:13:18] [%emt 00:05:02]} Be7 {[%clk 01:34:31] [%emt 00:02:09]} 18.
axb4 {[%clk 01:13:41] [%emt 00:00:08]} axb4 {[%clk 01:32:18] [%emt 00:02:42]}
19. Bd2 {[%clk 01:08:52] [%emt 00:05:20]} Qb6 {[%clk 01:26:08] [%emt 00:06:39]}
20. Qb3 {[%clk 01:05:02] [%emt 00:04:21]} c5 {[%clk 01:21:25] [%emt 00:05:13]}
21. dxc5 {[%clk 01:05:18] [%emt 00:00:14]} Nxc5 {[%clk 01:21:50] [%emt
00:00:05]} 22. Qxb4 {[%clk 00:59:17] [%emt 00:06:31]} Nxe4 {[%clk 01:20:23]
[%emt 00:01:57]} 23. Qxe4 {[%clk 00:56:03] [%emt 00:03:43]} Bc6 {[%clk 01:20:47]
[%emt 00:00:06]} 24. Qf4 {[%clk 00:51:17] [%emt 00:05:17]} Bxf3 {[%clk 01:19:31]
[%emt 00:01:46]} 25. Qxf3 {[%clk 00:51:15] [%emt 00:00:33]} Qxb2 {[%clk
01:19:55] [%emt 00:00:05]} 26. Red1 {[%clk 00:51:32] [%emt 00:00:13]} Qf6 {[%clk
01:19:20] [%emt 00:01:05]} 27. Qxf6 {[%clk 00:51:53] [%emt 00:00:09]} Bxf6
{[%clk 01:19:46] [%emt 00:00:04]} 28. Rac1 {[%clk 00:52:17] [%emt 00:00:06]}
Rxc1 {[%clk 01:19:59] [%emt 00:00:17]} 29. Rxc1 {[%clk 00:52:41] [%emt
00:00:06]} Rd8 {[%clk 01:20:16] [%emt 00:00:13]} 30. Bc3 {[%clk 00:52:40] [%emt
00:00:31]} Rc8 {[%clk 01:20:36] [%emt 00:00:10]} 31. Bd2 {[%clk 00:53:06] [%emt
00:00:04]} Rxc1+ {[%clk 01:21:01] [%emt 00:00:06]} 1/2-1/2

[Site "Europe Echecs"]

[Event "Grand Swiss "]
[Date "2025.09.04"]
[White "Ivanchuk, Vasyl"]
[Black "Murzin, Volodar"]
[WhiteElo "2608"]
[BlackElo "2670"]
[Round "1.1.33"]
[Result "1/2-1/2"]

1. d4 {[%clk 01:31:02] [%emt 00:09:57]} d5 {[%clk 01:40:51] [%emt 00:00:10]} 2.
c4 {[%clk 01:30:16] [%emt 00:01:16]} c6 {[%clk 01:41:15] [%emt 00:00:05]} 3.
cxd5 {[%clk 01:30:34] [%emt 00:00:13]} cxd5 {[%clk 01:41:40] [%emt 00:00:05]} 4.
Bf4 {[%clk 01:31:00] [%emt 00:00:04]} e6 {[%clk 01:41:54] [%emt 00:00:15]} 5. e3
{[%clk 01:31:21] [%emt 00:00:09]} Bd6 {[%clk 01:34:47] [%emt 00:07:38]} 6. Bg3
{[%clk 01:29:13] [%emt 00:02:35]} Qb6 {[%clk 01:31:36] [%emt 00:03:44]} 7. Qd2
{[%clk 01:26:36] [%emt 00:03:03]} Ne7 {[%clk 01:31:41] [%emt 00:00:28]} 8. Bd3
{[%clk 01:25:43] [%emt 00:01:24]} Bd7 {[%clk 01:31:25] [%emt 00:00:46]} 9. Nc3
{[%clk 01:25:21] [%emt 00:00:51]} O-O {[%clk 01:28:52] [%emt 00:03:04]} 10. Nge2
{[%clk 01:17:52] [%emt 00:07:58]} Rc8 {[%clk 01:26:45] [%emt 00:02:37]} 11. Rc1
{[%clk 01:16:21] [%emt 00:02:01]} Be8 {[%clk 01:26:30] [%emt 00:00:45]} 12. O-O
{[%clk 01:09:53] [%emt 00:06:59]} Bxg3 {[%clk 01:11:46] [%emt 00:15:15]} 13.
hxg3 {[%clk 01:09:00] [%emt 00:01:22]} Nbc6 {[%clk 01:12:11] [%emt 00:00:05]}
14. Nf4 {[%clk 01:06:39] [%emt 00:02:50]} Rd8 {[%clk 00:56:13] [%emt 00:16:29]}
15. Rfd1 {[%clk 00:56:35] [%emt 00:10:33]} Rac8 {[%clk 00:48:50] [%emt
00:07:54]} 16. Bb1 {[%clk 00:53:29] [%emt 00:03:33]} Ng6 {[%clk 00:44:40] [%emt
00:04:43]} 17. Nd3 {[%clk 00:50:29] [%emt 00:03:29]} Qc7 {[%clk 00:41:04] [%emt
00:04:07]} 18. Ne2 {[%clk 00:45:22] [%emt 00:05:35]} Nf8 {[%clk 00:35:06] [%emt
00:06:30]} 19. Rc3 {[%clk 00:44:46] [%emt 00:01:04]} Qb8 {[%clk 00:32:33] [%emt
00:03:05]} 20. Rdc1 {[%clk 00:44:56] [%emt 00:00:20]} Ne7 {[%clk 00:32:51] [%emt
00:00:12]} 21. Nc5 {[%clk 00:38:58] [%emt 00:06:27]} b6 {[%clk 00:27:09] [%emt
00:06:13]} 22. Na6 {[%clk 00:39:25] [%emt 00:00:03]} Qb7 {[%clk 00:27:32] [%emt
00:00:07]} 23. Bd3 {[%clk 00:39:51] [%emt 00:00:04]} Rxc3 {[%clk 00:27:46] [%emt
00:00:16]} 24. Nxc3 {[%clk 00:39:32] [%emt 00:00:48]} Nc6 {[%clk 00:25:09] [%emt
00:03:07]} 25. b4 {[%clk 00:35:51] [%emt 00:04:11]} Ne7 {[%clk 00:19:33] [%emt
00:06:07]} 26. b5 {[%clk 00:30:08] [%emt 00:06:12]} Rc8 {[%clk 00:18:46] [%emt
00:01:17]} 27. a4 {[%clk 00:29:23] [%emt 00:01:16]} Qd7 {[%clk 00:18:02] [%emt
00:01:14]} 28. a5 {[%clk 00:21:39] [%emt 00:08:13]} Qd6 {[%clk 00:18:12] [%emt
00:00:21]} 29. axb6 {[%clk 00:12:40] [%emt 00:09:29]} axb6 {[%clk 00:18:40]
[%emt 00:00:03]} 30. Na4 {[%clk 00:13:00] [%emt 00:00:09]} Qa3 {[%clk 00:10:11]
[%emt 00:08:58]} 31. Rxc8 {[%clk 00:13:28] [%emt 00:00:02]} Nxc8 {[%clk
00:10:37] [%emt 00:00:05]} 32. Qc2 {[%clk 00:13:57] [%emt 00:00:01]} Bd7 {[%clk
00:10:29] [%emt 00:00:38]} 33. Nb8 {[%clk 00:13:03] [%emt 00:01:24]} Be8 {[%clk
00:10:31] [%emt 00:00:28]} 34. Na6 {[%clk 00:05:15] [%emt 00:08:18]} Bd7 {[%clk
00:10:50] [%emt 00:00:11]} 35. Nb8 {[%clk 00:05:39] [%emt 00:00:06]} Be8 {[%clk
00:11:14] [%emt 00:00:06]} 36. Kh2 {[%clk 00:03:55] [%emt 00:02:13]} Na7 {[%clk
00:06:41] [%emt 00:05:04]} 37. Nxb6 {[%clk 00:02:51] [%emt 00:01:35]} Qd6 {[%clk
00:06:49] [%emt 00:00:22]} 38. Nc6 {[%clk 00:02:39] [%emt 00:00:41]} Bxc6 {[%clk
00:06:24] [%emt 00:00:55]} 39. bxc6 {[%clk 00:02:59] [%emt 00:00:09]} Qxc6
{[%clk 00:06:50] [%emt 00:00:05]} 40. Qb3 {[%clk 00:01:55] [%emt 00:01:33]} Qb7
{[%clk 00:06:47] [%emt 00:00:34]} 41. Qb2 {[%clk 00:49:15] [%emt 00:03:08]} Nc8
{[%clk 00:56:35] [%emt 00:00:43]} 42. Nc4 {[%clk 00:49:22] [%emt 00:00:23]} Qxb2
{[%clk 00:56:51] [%emt 00:00:15]} 43. Nxb2 {[%clk 00:49:49] [%emt 00:00:03]}
1/2-1/2

[Site "Europe Echecs"]